[Event "World Rapid Women 2025"]
[Site "Doha QAT"]
[Date "2025.12.28"]
[Round "9.54"]
[White "Yakubbaeva, Nilufar"]
[Black "Fataliyeva, Ulviyya"]
[Result "0-1"]
[WhiteTitle "WGM"]
[BlackTitle "IM"]
[WhiteElo "2229"]
[BlackElo "2434"]
[WhiteFideId "14204487"]
[BlackFideId "13403052"]
[EventDate "2025.12.26"]

1. Nf3 d5 2. e3 Nf6 3. c4 c6 4. b3 g6 5. Bb2 Bg7 6. Be2 O-O 7. O-O Re8 8. d4
Nbd7 9. Nc3 Ne4 10. Nxe4 dxe4 11. Nd2 e5 12. d5 cxd5 13. cxd5 Nf6 14. Bb5 Bd7
15. Be2 Nxd5 16. Nxe4 Bc6 17. Nc3 e4 18. Qd2 Nxc3 19. Bxc3 Qxd2 20. Bxd2 Bxa1
21. Rxa1 Bd5 22. Bc3 Rac8 23. Bd4 Rc2 24. Bd1 Rc6 25. Kf1 Rec8 26. Bb2 a5 27. f3
b5 28. f4 b4 29. a3 a4 30. bxa4 b3 31. a5 Ra6 32. Ke1 Rxa5 33. Kd2 Be6 34. Rb1
Rd8+ 35. Ke1 Rd3 36. Bc1 Ra8 37. Be2 Rc3 38. Bd1 h6 39. Bd2 Rd3 40. Bc1 g5 41.
f5 Bd5 42. Be2 Rc3 43. Bd1 Rxc1 44. Rxc1 b2 45. Rb1 Rb8 46. Bc2 Ba2 47. Kd2 Bxb1
48. Bxb1 Rc8 49. Bc2 Ra8 50. Bxe4 Rxa3 51. Bb1 Ra5 52. e4 Rb5 53. Kc3 Kg7 54. g3
Kf6 55. Kd4 Rb4+ 56. Kd5 Ra4 57. e5+ 0-1

[Event "World Rapid Women 2025"]
[Site "Doha QAT"]
[Date "2025.12.28"]
[Round "9.55"]
[White "Charkhalashvili, Inga"]
[Black "Charvi A"]
[Result "1/2-1/2"]
[WhiteTitle "WGM"]
[BlackTitle "WFM"]
[WhiteElo "2235"]
[BlackElo "2270"]
[WhiteFideId "13601431"]
[BlackFideId "25165518"]
[EventDate "2025.12.26"]

1. d4 Nf6 2. c4 g6 3. f3 Bg7 4. e4 d6 5. Nc3 O-O 6. Be3 c5 7. dxc5 dxc5 8. Qxd8
Rxd8 9. Bxc5 Nc6 10. Nge2 b6 11. Ba3 Ba6 12. Nb5 Rd7 13. Nec3 Rad8 14. Be2 Bb7
15. Nd5 e6 16. Ne3 a6 17. Nc3 Nd4 18. Kf2 Bh6 19. Bd1 Nc6 20. Re1 Ne5 21. Be2
Rd2 22. Be7 Nd3+ 23. Kf1 Nxe1 24. Rxe1 Bxe3 25. Bxf6 R8d7 26. Nd1 Bh6 27. Bc3
Rc2 28. Nf2 Bg7 29. e5 h5 30. Nd3 Bh6 31. Rd1 Be3 32. a4 a5 33. h4 Bc6 34. Ra1
Bb7 35. Ne1 Rc1 36. Rxc1 Bxc1 37. Nd3 Be3 38. b3 Bc6 39. Bb2 Bd4 40. Bc1 f6 41.
exf6 Bxf6 42. Be3 Bd4 43. Bf4 Kg7 44. Be5+ Bxe5 45. Nxe5 Rd6 46. Bd3 Kf6 47. f4
Bb7 48. Kf2 Bc6 49. g3 Be8 50. Ke3 Rd8 51. Ke2 Rd6 1/2-1/2

[Event "World Rapid Women 2025"]
[Site "Doha QAT"]
[Date "2025.12.28"]
[Round "9.56"]
[White "Ismayil, Malak"]
[Black "Gaal, Zsoka"]
[Result "1-0"]
[WhiteTitle "WIM"]
[BlackTitle "IM"]
[WhiteElo "2138"]
[BlackElo "2374"]
[WhiteFideId "13412604"]
[BlackFideId "777765"]
[EventDate "2025.12.26"]

1. e4 c5 2. Nf3 g6 3. d4 cxd4 4. Nxd4 Bg7 5. c4 Nc6 6. Be3 Qb6 7. Nb3 Qd8 8. Nc3
Bxc3+ 9. bxc3 Nf6 10. f3 d6 11. Be2 b6 12. O-O O-O 13. Bg5 Qc7 14. h4 Nh5 15.
Qe1 Ne5 16. g4 Ng7 17. Qg3 f6 18. Bh6 Nxc4 19. f4 b5 20. Rf2 Rf7 21. f5 Ne5 22.
Bxb5 Qb7 23. Bf1 Bd7 24. Nd4 Rc8 25. Bg2 Qc7 26. Rc1 Qc4 27. Bf1 Qc5 28. Bf4 Rb8
29. Nb3 Qc6 30. Re1 Rc8 31. c4 Qa4 32. Bxe5 fxe5 33. Rc1 Bc6 34. Qe3 gxf5 35.
exf5 Bb7 36. Qg3 Kh8 37. Kh2 Rg8 38. Qe3 Nxf5 39. gxf5 Qc6 40. Bh3 Rf6 41. Na5
Qe4 42. Qxe4 Bxe4 43. c5 d5 44. c6 d4 45. c7 Rc8 46. Re2 Bxf5 47. Rxe5 e6 48.
Bxf5 Rxf5 49. Rxf5 exf5 50. Kg3 d3 51. Nb3 Kg7 52. Kf4 Kf6 53. Rc6+ Ke7 54. Kxf5
Kd7 55. Rc3 Rf8+ 56. Ke4 Kc8 57. Kxd3 Rf2 58. Nd4 a6 59. a3 h5 60. Ke4 a5 61.
Nb5 Re2+ 62. Kf3 Rd2 63. Na7+ 1-0

[Event "World Rapid Women 2025"]
[Site "Doha QAT"]
[Date "2025.12.28"]
[Round "9.57"]
[White "Bayasgalan, Khishigbaatar"]
[Black "Jarocka, Liwia"]
[Result "0-1"]
[WhiteTitle "WCM"]
[BlackTitle "FM"]
[WhiteElo "2249"]
[BlackElo "2258"]
[WhiteFideId "4904311"]
[BlackFideId "21807558"]
[EventDate "2025.12.26"]

1. d4 d5 2. c4 e6 3. Nf3 Nf6 4. g3 Be7 5. Bg2 O-O 6. O-O a5 7. Nc3 c6 8. Nd2 b5
9. cxb5 cxb5 10. Nxb5 Qb6 11. a4 Ba6 12. Nc3 Qxd4 13. Nf3 Qxd1 14. Rxd1 Nc6 15.
Bf4 Nb4 16. Nb5 Ne4 17. Rac1 Nc5 18. Nfd4 Nxa4 19. b3 Bxb5 20. Nxb5 Nc5 21. Rc3
Rfc8 22. h4 Bf6 23. Rf3 e5 24. Bg5 e4 25. Rf5 Bxg5 26. Rxg5 Nxb3 27. Bh3 Rc5 28.
Nd4 Nxd4 29. Rxd4 h6 30. Re5 Rc1+ 31. Kg2 Rb1 32. Bd7 a4 33. Bxa4 Rxa4 34. Rexd5
Nxd5 35. Rxa4 Nf6 36. Ra2 h5 37. Rc2 Kh7 38. Rd2 Rb3 39. Ra2 Kg6 40. Rc2 Rb6 41.
Ra2 Rd6 42. Rb2 Ng4 43. Rb3 f6 44. Ra3 Rd2 45. Kf1 Rd1+ 46. Kg2 Re1 47. Ra2 e3
48. f3 Ne5 49. Rc2 Kf5 50. Kh3 g5 51. hxg5 fxg5 52. Kg2 h4 53. Kh3 hxg3 54. Kxg3
Rg1+ 55. Kh2 Rf1 56. Kg3 Rf2 57. Ra2 Nxf3 58. Ra3 Nd4 59. Rxe3 Rxe2 60. Rd3 Re4
61. Ra3 Re5 62. Rd3 Ne6 63. Rf3+ Nf4 64. Ra3 Rd5 65. Ra4 Rd3+ 66. Kf2 Kg4 67.
Ra2 Rh3 68. Kg1 Rg3+ 69. Kf1 Rb3 70. Kg1 Kg3 71. Ra1 g4 72. Re1 Kh3 73. Rf1 Ne2+
74. Kf2 Rf3+ 0-1

[Event "World Rapid Women 2025"]
[Site "Doha QAT"]
[Date "2025.12.28"]
[Round "9.58"]
[White "Gong, Qianyun"]
[Black "Rouda Essa, Alserkal"]
[Result "1/2-1/2"]
[WhiteTitle "WGM"]
[BlackTitle "WGM"]
[WhiteElo "2228"]
[BlackElo "2052"]
[WhiteFideId "8602425"]
[BlackFideId "9314318"]
[EventDate "2025.12.26"]

1. e4 e5 2. Nf3 Nc6 3. Bc4 Nf6 4. d3 d5 5. exd5 Nxd5 6. O-O Bg4 7. h3 Bh5 8. Re1
Qd6 9. Bb5 Ne7 10. g4 Bg6 11. Nxe5 O-O-O 12. Bf4 Qc5 13. Nc3 h5 14. Bxc6 Nxc6
15. Nxg6 fxg6 16. Ne4 Qd5 17. Ng5 Bd6 18. Ne6 Bxf4 19. Nxf4 Qf7 20. Ne6 Rde8 21.
Ng5 Qf4 22. Rxe8+ Rxe8 23. Qc1 Qe5 24. c3 hxg4 25. hxg4 Qe2 26. Qf4 Qxb2 27. Rd1
Qxc3 28. d4 Qc2 29. Rd2 Qc1+ 30. Kg2 Rh8 31. Nh3 Rd8 32. d5 Ne5 33. Qe3 Nxg4 34.
Qe6+ Kb8 35. Rd4 Nf6 36. Qe7 Rh8 37. Qxg7 Qh6 38. Qxh6 Rxh6 39. d6 cxd6 40. Rxd6
Ne4 41. Re6 Nc5 42. Rf6 Ne4 43. Re6 Nc5 44. Rf6 1/2-1/2

[Event "World Rapid Women 2025"]
[Site "Doha QAT"]
[Date "2025.12.28"]
[Round "9.59"]
[White "Tarasenka, Aliaksandra"]
[Black "Nordahl, Christine"]
[Result "1-0"]
[WhiteTitle "WIM"]
[WhiteElo "2266"]
[BlackElo "1835"]
[WhiteFideId "13514288"]
[BlackFideId "1557939"]
[EventDate "2025.12.26"]

1. e4 c5 2. Nc3 Nc6 3. Bb5 g6 4. Bxc6 dxc6 5. d3 e5 6. Nge2 Nf6 7. O-O Bg7 8. a4
a5 9. Be3 Qe7 10. Qd2 Ng4 11. Bg5 Qc7 12. f3 h6 13. fxg4 hxg5 14. h3 Qe7 15. Nd1
Be6 16. Ne3 b6 17. b3 Rd8 18. Nc3 Qd7 19. Rad1 Qd4 20. Nb1 b5 21. c3 Qd7 22. Qc2
Qa7 23. c4 b4 24. Nd2 Qd7 25. Nf3 Qc7 26. Qf2 Qe7 27. Qg3 Bc8 28. Rd2 O-O 29.
Ne1 Be6 30. Rdf2 Qd6 31. N3c2 Rd7 32. Rd2 Qc7 33. Qe3 Qd6 34. Qxg5 Kh7 35. Qh4+
Kg8 36. Nf3 f6 37. Ne3 Qc7 38. Qg3 Qd8 39. Rfd1 Qe7 40. h4 Qd6 41. Rf2 Rdf7 42.
h5 g5 43. Rfd2 Qd7 44. Kh2 Bh6 45. Rf2 Rh7 46. Kg1 Rhf7 47. Ne1 Qd4 48. Qf3 Qc3
49. Rb1 Rd8 50. Qd1 Qd4 51. Qe2 Qc3 52. N3c2 Bg7 53. Ne3 Qd4 54. N1c2 Qd7 55.
Rd1 Bf8 56. Nf5 Bxf5 57. Rxf5 Bg7 58. Qf2 Qe6 59. Qxc5 Rfd7 60. Qe3 Qe7 61. Kh2
c5 62. Ne1 Rd6 63. Qxc5 Ra8 64. Qe3 Rd7 65. Nf3 Qd8 66. Kh3 Ra6 67. d4 exd4 68.
Rxd4 Rxd4 69. Qxd4 Qe7 70. e5 fxe5 71. Qd5+ Kh8 72. Nxg5 Qe8 73. Qe4 Rh6 74.
Nf7+ 1-0

[Event "World Rapid Women 2025"]
[Site "Doha QAT"]
[Date "2025.12.28"]
[Round "9.61"]
[White "Sawan, Eman"]
[Black "Gaboyan, Susanna"]
[Result "0-1"]
[WhiteTitle "WFM"]
[BlackTitle "WIM"]
[WhiteElo "1960"]
[BlackElo "2182"]
[WhiteFideId "11511729"]
[BlackFideId "13303627"]
[EventDate "2025.12.26"]

1. e4 c5 2. Nf3 Nc6 3. Bb5 g6 4. O-O Bg7 5. Re1 e5 6. b4 cxb4 7. a3 bxa3 8. Bxa3
Nge7 9. Bd6 O-O 10. Nc3 Re8 11. Nd5 Nxd5 12. exd5 Nd4 13. Nxd4 exd4 14. Rxe8+
Qxe8 15. Qe1 Qd8 16. Be7 Qb6 17. Bb4 d6 18. Qe8+ Bf8 19. c4 Qc7 20. Qe4 Bf5 21.
Qxd4 Bg7 22. Rxa7 Bxd4 0-1

[Event "World Rapid Women 2025"]
[Site "Doha QAT"]
[Date "2025.12.28"]
[Round "9.62"]
[White "Dwilewicz, Katarzyna"]
[Black "Jiang, Tianyu"]
[Result "1/2-1/2"]
[WhiteTitle "WFM"]
[WhiteElo "2185"]
[BlackElo "2224"]
[WhiteFideId "1148486"]
[BlackFideId "8627215"]
[EventDate "2025.12.26"]

1. e4 c5 2. Nf3 e6 3. b3 a6 4. Bb2 Nc6 5. c4 Qc7 6. g3 Nf6 7. e5 Ng4 8. Bg2 Be7
9. Qe2 O-O 10. O-O f6 11. exf6 Bxf6 12. Nc3 b6 13. Rae1 Bb7 14. h3 Nh6 15. d3
Nf5 16. Ne4 Bxb2 17. Qxb2 Rae8 18. a3 Ncd4 19. Nxd4 Nxd4 20. f4 h6 21. b4 Ba8
22. Qd2 Kh8 23. bxc5 bxc5 24. Qd1 Rb8 25. Qh5 Rb2 26. Rb1 Ra2 27. Rf2 Rxa3 28.
Qxc5 Qxc5 29. Nxc5 d6 30. Nd7 Rd8 31. Bxa8 Rxa8 32. Rfb2 Kh7 33. Rb8 Rxb8 34.
Rxb8 Kg6 35. c5 Ra1+ 36. Kf2 Ra2+ 37. Ke3 Nf5+ 38. Kf3 Ra3 39. cxd6 Rxd3+ 40.
Kf2 Rd2+ 41. Kf3 Nxd6 42. Ne5+ Kh7 43. Ra8 Ra2 44. Nd7 Kg6 45. Ne5+ Kf6 46. Ng4+
Ke7 47. Ra7+ Kf8 48. Ne5 Ra3+ 49. Kg2 Ra2+ 50. Kf3 Ra3+ 51. Kg2 Nf5 52. Ra8+ Ke7
53. Ra7+ Kf8 54. Ra8+ Ke7 55. Ra7+ Ke8 56. g4 Nh4+ 57. Kh2 Ra2+ 58. Kg3 g5 59.
Ra8+ Ke7 60. Ra7+ Kd8 61. fxg5 hxg5 62. Nf7+ Ke8 63. Nxg5 Ng6 64. Nxe6 Ra3+ 65.
Kh2 Ra2+ 66. Kg3 Ra3+ 67. Kg2 a5 68. Nc7+ Kd8 69. Nb5 Nf4+ 70. Kf1 Ra1+ 71. Kf2
Nxh3+ 72. Kg3 Ng5 73. Kf4 Nh3+ 74. Ke5 a4 75. Kd6 Rd1+ 76. Kc5 Rc1+ 77. Kb4 Rg1
78. Rg7 Ke8 79. Nc7+ Kd8 80. Ne6+ Ke8 81. Kxa4 Re1 82. Nc5 Kf8 83. Rh7 Ng5 84.
Rh5 Ne6 85. Nxe6+ Rxe6 86. Rg5 Kf7 87. Kb5 Rg6 88. Rf5+ Ke6 89. Rf4 Ke5 90. Rc4
Kf6 91. Kc5 Kg5 92. Kd5 Kh4 93. Ke5 Rxg4 94. Rxg4+ Kxg4 1/2-1/2

[Event "World Rapid Women 2025"]
[Site "Doha QAT"]
[Date "2025.12.28"]
[Round "9.63"]
[White "Nguyen Hong Nhung"]
[Black "Fawaz, Nadia"]
[Result "1-0"]
[WhiteTitle "FM"]
[BlackTitle "WFM"]
[WhiteElo "2268"]
[BlackElo "1957"]
[WhiteFideId "12412201"]
[BlackFideId "5309743"]
[EventDate "2025.12.26"]

1. e4 c5 2. Nf3 e6 3. d4 cxd4 4. Nxd4 Nc6 5. Nc3 Qc7 6. Be3 a6 7. Qf3 Nf6 8.
O-O-O Bb4 9. Nxc6 Qxc6 10. Bd4 Bxc3 11. Bxc3 Qxe4 12. Qxe4 Nxe4 13. Bxg7 Rg8 14.
Bd4 b5 15. f3 Nd6 16. Bc5 Nb7 17. Bb6 d5 18. g4 Nd6 19. Bd3 h6 20. Be3 Rh8 21.
Bd4 f6 22. Bxf6 Rf8 23. Bg7 Rxf3 24. Bxh6 Bb7 25. Rhf1 d4 26. Rxf3 Bxf3 27. Rf1
Bd5 28. Bg7 O-O-O 29. Bxd4 Rg8 30. Rg1 Nf7 31. Bh7 Rd8 32. Bf6 Rd7 33. h4 Rc7
34. g5 Nxg5 35. hxg5 Rxh7 36. g6 Rh6 37. g7 e5 38. g8=Q+ Bxg8 39. Rxg8+ Kd7 40.
Bxe5 Kc6 41. b3 Re6 42. Bd4 Rd6 43. Rg4 Re6 44. Kb2 Rd6 45. Rf4 Kb7 46. Rf7+ Kc8
47. Kc3 a5 48. Ra7 a4 49. bxa4 bxa4 50. Rxa4 Rc6+ 51. Rc4 1-0

[Event "World Rapid Women 2025"]
[Site "Doha QAT"]
[Date "2025.12.28"]
[Round "9.64"]
[White "Khalil, Manar"]
[Black "Liu, Shilan"]
[Result "1-0"]
[WhiteTitle "WFM"]
[BlackTitle "WGM"]
[WhiteElo "1925"]
[BlackElo "2109"]
[WhiteFideId "7604661"]
[BlackFideId "8600279"]
[EventDate "2025.12.26"]

1. e4 c5 2. Nf3 d6 3. d4 cxd4 4. Nxd4 Nf6 5. Nc3 Nc6 6. Be2 e5 7. Nb3 h6 8. Be3
Be7 9. f3 Be6 10. Qd2 d5 11. exd5 Nxd5 12. Nxd5 Qxd5 13. Qxd5 Bxd5 14. Nc5 O-O-O
15. c4 Bxc5 16. Bxc5 Be6 17. Rd1 b6 18. Bd6 f6 19. c5 Kb7 20. b3 bxc5 21. Bxc5
Nd4 22. Bxd4 exd4 23. Kf2 Bf5 24. Bc4 Bc2 25. Rd2 d3 26. Bxd3 Rxd3 27. Rxc2 Rhd8
28. Re1 R8d7 29. Kg3 R3d4 30. Re4 f5 31. Re5 g6 32. Re6 R4d6 33. Rxd6 Rxd6 34.
Kf4 Rd5 35. g4 g5+ 36. Ke3 fxg4 37. fxg4 Rd1 38. Ke4 Rf1 39. h3 Rf4+ 40. Ke3 a5
41. Rc4 Rf1 42. Rc3 Kb6 43. a4 Rf6 44. Ke4 Rf1 45. Kd5 Rf6 46. Re3 Rf1 47. Re6+
Kc7 48. Rxh6 Rd1+ 49. Kc4 Rc1+ 50. Kb5 Rb1 51. Rc6+ Kd7 52. Rc3 1-0

[Event "World Rapid Women 2025"]
[Site "Doha QAT"]
[Date "2025.12.28"]
[Round "9.65"]
[White "Mikheeva, Galina"]
[Black "Lau, Chloe Hailey"]
[Result "1-0"]
[WhiteTitle "FM"]
[WhiteElo "2122"]
[BlackElo "1562"]
[WhiteFideId "44108320"]
[BlackFideId "6012469"]
[EventDate "2025.12.26"]

1. e4 c6 2. c4 d5 3. exd5 cxd5 4. cxd5 Nf6 5. Qa4+ Bd7 6. Qb3 Qc7 7. Nc3 g6 8.
Bc4 Qc8 9. Nf3 Bg7 10. O-O O-O 11. Re1 a5 12. d3 Na6 13. Rxe7 Qc5 14. d6 Kh8 15.
Bf4 Nb4 16. Ne5 Be8 17. Bxf7 a4 18. Qe6 Nc6 19. Bxe8 Rfxe8 20. Nf7+ Kg8 21. Nh6+
Kh8 22. Qg8+ Rxg8 23. Nf7# 1-0

[Event "World Rapid Women 2025"]
[Site "Doha QAT"]
[Date "2025.12.28"]
[Round "9.66"]
[White "Berikkyzy Alanna"]
[Black "Alsemairi, Dalia"]
[Result "1-0"]
[WhiteTitle "WFM"]
[BlackTitle "WCM"]
[WhiteElo "2241"]
[BlackElo "1802"]
[WhiteFideId "13780719"]
[BlackFideId "21511217"]
[EventDate "2025.12.26"]

1. e4 c6 2. Nf3 d5 3. Nc3 Bg4 4. h3 Bh5 5. d4 dxe4 6. Nxe4 Nd7 7. Be2 Ngf6 8.
Ng3 Bxf3 9. Bxf3 e6 10. O-O Be7 11. Re1 O-O 12. c3 Qc7 13. Qc2 e5 14. Nf5 Bd6
15. Nxd6 Qxd6 16. Be3 exd4 17. Bxd4 Nd5 18. Rad1 Qc7 19. Bxd5 cxd5 20. Qf5 Nf6
21. Bxf6 gxf6 22. Qxf6 Rfe8 23. Qg5+ Kh8 24. Qxd5 Rxe1+ 25. Rxe1 Kg8 26. Qg5+
Kf8 27. Qh6+ Kg8 28. Re4 f5 29. Qe6+ Qf7 30. Qxf7+ Kxf7 31. Rf4 Kg6 32. Kf1 Re8
33. c4 b6 34. Rd4 Re7 35. f3 h6 36. Kf2 Kg5 37. Rd5 Kg6 38. g4 fxg4 39. hxg4 Rc7
40. b3 Re7 41. Rd6+ Kg5 42. Kg3 Rf7 43. f4+ 1-0

[Event "World Rapid Women 2025"]
[Site "Doha QAT"]
[Date "2025.12.28"]
[Round "9.67"]
[White "Parnali, S Dharia"]
[Black "Lesbekova, Assel"]
[Result "1-0"]
[WhiteTitle "WIM"]
[BlackTitle "WCM"]
[WhiteElo "2150"]
[BlackElo "1948"]
[WhiteFideId "5043131"]
[BlackFideId "13713248"]
[EventDate "2025.12.26"]

1. d4 d5 2. c4 e6 3. g3 Nf6 4. Bg2 c6 5. Qc2 Nbd7 6. Nd2 Be7 7. Ngf3 O-O 8. O-O
c5 9. cxd5 exd5 10. dxc5 Nxc5 11. Nb3 Nce4 12. Bf4 Be6 13. Rad1 Rc8 14. Qd3 a5
15. Qb5 b6 16. Ne5 Nd6 17. Qa6 Nfe4 18. Rc1 Ra8 19. Qd3 Bf6 20. Nc6 Qd7 21. Bxd6
Nxd6 22. Bxd5 Bxd5 23. Qxd5 Qe6 24. Rfd1 Ne4 25. Rc4 Qxd5 26. Rxd5 Rfe8 27. a4
Bxb2 28. Rb5 Ra6 29. Ne7+ Kf8 30. Rxe4 Rxe7 31. Rxe7 Kxe7 32. Nxa5 Rxa5 33. Rxb2
Ra6 34. Rb4 Kd6 35. g4 f6 36. h4 Kc5 37. Rf4 h6 38. Kg2 Ra7 39. Kg3 Rd7 40. e3
Rd2 41. Rf5+ Kc6 42. g5 hxg5 43. hxg5 Rd5 44. Rxd5 Kxd5 45. Kf4 Kc4 46. gxf6
gxf6 47. Kf5 Kb4 48. Kxf6 Kxa4 49. e4 1-0

[Event "World Rapid Women 2025"]
[Site "Doha QAT"]
[Date "2025.12.28"]
[Round "9.68"]
[White "Skaslien, Ingrid"]
[Black "Zvereva, Marija"]
[Result "0-1"]
[BlackTitle "WIM"]
[WhiteElo "2029"]
[BlackElo "2007"]
[WhiteFideId "1520660"]
[BlackFideId "4121082"]
[EventDate "2025.12.26"]

1. c4 e5 2. Nc3 Nc6 3. Nf3 f5 4. d3 Nf6 5. g3 g6 6. Bg5 h6 7. Bxf6 Qxf6 8. Nd5
Qd8 9. Nh4 Kf7 10. Bh3 Nb4 11. Qb3 Nxd5 12. cxd5 Bd6 13. e4 f4 14. a3 Kg7 15.
Qd1 Bc5 16. Qg4 Qg5 17. Qe2 d6 18. Rg1 Bxh3 19. Nf3 Qh5 20. d4 exd4 21. Qd3 Rhe8
22. Kd2 Bg4 23. Nh4 Qe5 24. f3 Bd7 25. Nxg6 Qh5 26. Nxf4 Qg5 27. h4 Qe7 28. Rae1
Qe5 29. Ng2 c6 30. f4 Qf6 31. h5 cxd5 32. Nh4 dxe4 33. Rxe4 Bc6 34. Re2 Rxe2+
35. Qxe2 Re8 36. Qg4+ Kh7 37. b4 Bb6 38. Rh1 0-1

[Event "World Rapid Women 2025"]
[Site "Doha QAT"]
[Date "2025.12.28"]
[Round "9.69"]
[White "Echcharbiny, Wissal"]
[Black "Al-Khulaifi, Ghada"]
[Result "1/2-1/2"]
[BlackTitle "WCM"]
[WhiteElo "1726"]
[BlackElo "1630"]
[WhiteFideId "9014853"]
[BlackFideId "12100633"]
[EventDate "2025.12.26"]

1. d4 Nf6 2. e3 e6 3. Bd3 d5 4. Nd2 Bd6 5. f4 c5 6. c3 O-O 7. Ngf3 cxd4 8. cxd4
Nc6 9. a3 a6 10. O-O b5 11. b4 Rb8 12. Ne5 Ne7 13. Bb2 a5 14. Bc3 axb4 15. Bxb4
Bxb4 16. axb4 Qd6 17. Qb3 Ne8 18. Qc2 h6 19. Qc5 Qxc5 20. bxc5 f6 21. Nef3 Nc6
22. Rfb1 Nc7 23. Nb3 Bd7 24. Na5 Nxa5 25. Rxa5 Ra8 26. Rba1 b4 27. Nd2 Rfb8 28.
Ra7 Rxa7 29. Rxa7 Bb5 30. Bg6 Rc8 31. Rb7 f5 32. Bh5 Kf8 33. Nf3 b3 34. Nd2 Bc4
35. Nxb3 Ba6 36. Ra7 Bc4 37. Nd2 Nb5 38. Rf7+ Kg8 39. Nf3 Ra8 40. Ne5 Ra1+ 41.
Kf2 Rf1+ 42. Kg3 Re1 43. Nc6 Rxe3+ 44. Kh4 g5+ 45. fxg5 Re4+ 46. Kg3 hxg5 47.
Ne7+ Kh8 48. Ng6+ Kg8 49. Ne7+ Kh8 50. Ng6+ Kg8 51. Ne7+ 1/2-1/2

[Event "World Rapid Women 2025"]
[Site "Doha QAT"]
[Date "2025.12.28"]
[Round "9.70"]
[White "Abrar Mohammed Ahmad Almalki"]
[Black "Alotaibi, Maitha Abdulrahman A"]
[Result "1-0"]
[WhiteElo "1826"]
[BlackElo "1600"]
[WhiteFideId "21543143"]
[BlackFideId "21524009"]
[EventDate "2025.12.26"]

1. e4 c5 2. Nf3 Nc6 3. d4 cxd4 4. Nxd4 e5 5. Nf5 d6 6. Bb5 Bxf5 7. exf5 Nf6 8.
O-O Be7 9. Qf3 Rc8 10. Nc3 O-O 11. Be3 a6 12. Bxc6 Rxc6 13. Rac1 d5 14. Rfd1 d4
15. Ne4 Nxe4 16. Qxe4 f6 17. c3 Qb6 18. cxd4 Rxc1 19. Bxc1 Rd8 20. d5 Bc5 21.
Rf1 Bd4 22. b3 Qb5 23. Be3 Qxd5 24. Qxd5+ Rxd5 25. Rd1 Kf7 26. Kf1 Ke7 27. f4
Rd7 28. Bxd4 exd4 29. Ke2 Rd5 30. g4 Kd6 31. Rc1 d3+ 32. Kd2 Ra5 33. a4 b5 34.
axb5 Ra2+ 35. Kxd3 axb5 36. Rc2 Ra1 37. Ke3 Re1+ 38. Kf3 Rd1 39. Rc3 b4 40. Re3
Rb1 41. g5 Rb2 42. h4 Rb1 43. Kg4 Rc1 44. Rd3+ Ke7 45. Rd4 Rg1+ 46. Kh5 Rh1 47.
Rxb4 g6+ 48. fxg6 hxg6+ 49. Kxg6 fxg5 50. hxg5 Rd1 51. f5 Rd6+ 52. f6+ Ke8 53.
Rb8+ Kd7 54. Kg7 Kc7 55. Re8 Rd2 56. Kf7 Rg2 57. g6 Kd7 58. Re7+ Kd8 59. Rb7 Rg4
60. g7 Rg3 1-0

[Event "World Rapid Women 2025"]
[Site "Doha QAT"]
[Date "2025.12.28"]
[Round "10.1"]
[White "Goryachkina, Aleksandra"]
[Black "Mungunzul, Bat-Erdene"]
[Result "1-0"]
[WhiteTitle "GM"]
[BlackTitle "WIM"]
[WhiteElo "2534"]
[BlackElo "2350"]
[WhiteFideId "4147103"]
[BlackFideId "4902831"]
[EventDate "2025.12.26"]

1. e4 d6 2. d4 Nf6 3. Nc3 g6 4. Be3 a6 5. Nf3 b5 6. e5 Ng4 7. Ng5 f6 8. Qf3 c6
9. e6 Nh6 10. h4 Bg7 11. Bd3 fxg5 12. hxg5 Bxe6 13. gxh6 Bf6 14. Ne4 Bd5 15.
Nxf6+ exf6 16. Qg3 Kd7 17. O-O Kc7 18. b3 Bf7 19. c4 Kb7 20. d5 c5 21. cxb5 Qb6
22. a4 Bxd5 23. Rfd1 Rd8 24. a5 Qc7 25. bxa6+ Ka7 26. b4 Nd7 27. b5 Bb3 28. Rdb1 1-0

[Event "World Rapid Women 2025"]
[Site "Doha QAT"]
[Date "2025.12.28"]
[Round "10.2"]
[White "Koneru, Humpy"]
[Black "Lei, Tingjie"]
[Result "1-0"]
[WhiteTitle "GM"]
[BlackTitle "GM"]
[WhiteElo "2535"]
[BlackElo "2569"]
[WhiteFideId "5008123"]
[BlackFideId "8605114"]
[EventDate "2025.12.26"]

1. Nf3 Nf6 2. b3 g6 3. Bb2 Bg7 4. c4 O-O 5. g3 d6 6. d4 Bf5 7. Bg2 c6 8. O-O a5
9. Nc3 Ne4 10. Nh4 Nxc3 11. Bxc3 Bc8 12. Qd2 a4 13. b4 d5 14. cxd5 cxd5 15. b5
e6 16. Nf3 Nd7 17. Rfc1 Nb6 18. Ba5 Nc4 19. Rxc4 Qxa5 20. Qxa5 Rxa5 21. Rc7 Rd8
22. Rb1 Bf8 23. Rbc1 Ra8 24. e3 Bd6 25. R7c3 Bd7 26. Bf1 f6 27. Ne1 Kf7 28. Bd3
Ke7 29. Kf1 Rdc8 30. Rxc8 Rxc8 31. Rxc8 Bxc8 32. Bc2 a3 33. Ke2 Bd7 34. Ba4 e5
35. Nc2 Kd8 36. Kd2 Kc7 37. b6+ Kd8 38. Bb3 Be6 39. Kc3 Kd7 40. Nb4 Bxb4+ 41.
Kxb4 exd4 42. exd4 Kc6 43. Ka5 Bd7 44. Ba4+ Kd6 45. Bxd7 Kxd7 46. Kb5 Kd6 47. g4
h6 48. h3 f5 49. gxf5 gxf5 50. f4 Kd7 51. Kc5 Ke6 52. h4 h5 53. Kb4 Kd6 54. Kxa3
Kc6 55. Kb4 Kxb6 56. a4 Ka6 57. Kc5 Ka5 58. Kxd5 Kxa4 59. Ke6 b5 60. d5 b4 61.
d6 1-0

[Event "World Rapid Women 2025"]
[Site "Doha QAT"]
[Date "2025.12.28"]
[Round "10.3"]
[White "Lagno, Kateryna"]
[Black "Zhu, Jiner"]
[Result "0-1"]
[WhiteTitle "GM"]
[BlackTitle "GM"]
[WhiteElo "2508"]
[BlackElo "2579"]
[WhiteFideId "14109336"]
[BlackFideId "8608059"]
[EventDate "2025.12.26"]

1. e4 e5 2. d4 exd4 3. Bc4 Nc6 4. Nh3 h6 5. O-O d6 6. Nf4 Nf6 7. c3 dxc3 8. Nxc3
Be7 9. Ncd5 Ne5 10. Bb3 O-O 11. Qc2 c6 12. Nxe7+ Qxe7 13. Bd2 Kh8 14. Rad1 Ned7
15. Rfe1 Nc5 16. e5 dxe5 17. Bxf7 Qxf7 18. Ng6+ Kg8 19. Nxf8 Qxf8 20. Bb4 b6 21.
Bxc5 bxc5 22. Rxe5 Bd7 23. Rde1 Nd5 24. h3 Qd6 25. a3 Rf8 26. Qc4 Kh8 27. Qh4
Qg6 28. R1e4 Bf5 29. Ra4 Qf7 30. Qg3 Bg6 31. Ra6 Nf4 32. Rxc6 Bd3 33. Kh2 c4 34.
f3 Ne2 35. Qh4 Qf4+ 36. Qxf4 Nxf4 37. Re7 Rb8 38. Rf7 Nd5 39. Rc5 Ne3 40. Re7
Nf1+ 41. Kg1 Ng3 42. Rcc7 Nf5 43. Rb7 Rc8 44. Rec7 Re8 45. b3 Re1+ 46. Kh2 Bf1
47. bxc4 Re2 48. Kg1 Ng3 0-1

[Event "World Rapid Women 2025"]
[Site "Doha QAT"]
[Date "2025.12.28"]
[Round "10.4"]
[White "Muzychuk, Mariya"]
[Black "Atalik, Ekaterina"]
[Result "0-1"]
[WhiteTitle "GM"]
[BlackTitle "IM"]
[WhiteElo "2475"]
[BlackElo "2349"]
[WhiteFideId "14114550"]
[BlackFideId "4130189"]
[EventDate "2025.12.26"]

1. e4 c6 2. Nc3 d5 3. Nf3 Bg4 4. h3 Bxf3 5. Qxf3 e6 6. d4 Nf6 7. exd5 cxd5 8.
Bd3 Nc6 9. Ne2 a6 10. c3 Be7 11. O-O O-O 12. Nf4 b5 13. Re1 b4 14. Nh5 Nxh5 15.
Qxh5 g6 16. Qf3 Bg5 17. Be3 Bxe3 18. Qxe3 bxc3 19. bxc3 Qa5 20. h4 Ne7 21. Rac1
Rfc8 22. Qd2 Ra7 23. Re3 Rac7 24. Bb1 h5 25. Rf3 Nf5 26. Bxf5 exf5 27. Qg5 Kh7
28. Re1 Qb6 29. Ree3 Qd6 30. Rd3 Rb8 31. g3 Re8 32. Qd2 Rce7 33. Rde3 Re4 34.
Kg2 Kg7 35. Rxe4 dxe4 36. Re3 f4 37. Re1 fxg3 38. fxg3 Qd5 39. Kh2 a5 40. Re2 a4
41. Qc2 e3 42. Qd3 Qf3 43. d5 g5 44. d6 gxh4 45. gxh4 Re4 46. Rg2+ Rg4 47. Qd4+
f6 48. Rxg4+ hxg4 49. d7 Qf2+ 50. Kh1 g3 51. Qg4+ Kh6 52. Qxg3 Qxg3 53. d8=Q
Qe1+ 54. Kg2 Qd2+ 0-1